Fundamentos de fisica / (Registro nro. 10720)
[ vista simple ]
| 000 -LEADER | |
|---|---|
| fixed length control field | 01700nam a2200445 4500 |
| 001 - CONTROL NUMBER | |
| control field | 0000024470 |
| 003 - CONTROL NUMBER IDENTIFIER | |
| control field | CO-CtgCURN |
| 005 - DATE AND TIME OF LATEST TRANSACTION | |
| control field | 20250329191010.0 |
| 007 - PHYSICAL DESCRIPTION FIXED FIELD--GENERAL INFORMATION | |
| fixed length control field | ta |
| 008 - FIXED-LENGTH DATA ELEMENTS--GENERAL INFORMATION | |
| fixed length control field | 160628s2002 000 0 eng d |
| 020 ## - INTERNATIONAL STANDARD BOOK NUMBER | |
| International Standard Book Number | 9702401216 (OBRA |
| 040 ## - CATALOGING SOURCE | |
| Original cataloging agency | CO-CtgCURN |
| Language of cataloging | spa |
| Transcribing agency | coctgcurn |
| 082 0# - DEWEY DECIMAL CLASSIFICATION NUMBER | |
| Classification number | 530 |
| Item number | R28 |
| 100 1# - MAIN ENTRY--PERSONAL NAME | |
| Personal name | Halliday, David. |
| 245 10 - TITLE STATEMENT | |
| Title | Fundamentos de fisica / |
| Statement of responsibility, etc. | David Halliday, Robert Resnick, Jearl Walker , traducción Jorge Humberto Romo. |
| 250 ## - EDITION STATEMENT | |
| Edition statement | 3a ed. |
| 260 ## - PUBLICATION, DISTRIBUTION, ETC. | |
| Place of publication, distribution, etc. | Mexico : |
| Name of publisher, distributor, etc. | Continental, |
| Date of publication, distribution, etc. | 2002. |
| 300 ## - PHYSICAL DESCRIPTION | |
| Extent | 2 v. : |
| Other physical details | ilustrado fotografias diagramas. |
| 336 ## - CONTENT TYPE | |
| Source | rdacontent |
| 337 ## - MEDIA TYPE | |
| Source | rdamedia |
| Media type term | sin mediacion |
| Media type code | n |
| 338 ## - CARRIER TYPE | |
| Source | rdacarrier |
| Carrier type term | volumen |
| Carrier type code | nc |
| 505 8# - FORMATTED CONTENTS NOTE | |
| Formatted contents note | v.1. Medicion.--Vectores.--Equilibrio y elasticidad.--Gravitacion.--Ondas.--Oscilaciones.--Ondas electromagneticas.--Fotones y ondas de materia.-- v.2.Carga electrica.--Campos electricos.--Ley de Gauss.--Corriente y resistencia.--Circuitos.--Campos magneticos |
| 650 14 - SUBJECT ADDED ENTRY--TOPICAL TERM | |
| Topical term or geographic name entry element | Medicion. |
| 650 14 - SUBJECT ADDED ENTRY--TOPICAL TERM | |
| Topical term or geographic name entry element | Fuerza y energia. |
| 650 14 - SUBJECT ADDED ENTRY--TOPICAL TERM | |
| Topical term or geographic name entry element | Equilibrio. |
| 650 14 - SUBJECT ADDED ENTRY--TOPICAL TERM | |
| Topical term or geographic name entry element | Ondas. |
| 650 14 - SUBJECT ADDED ENTRY--TOPICAL TERM | |
| Topical term or geographic name entry element | Electrostatica. |
| 650 14 - SUBJECT ADDED ENTRY--TOPICAL TERM | |
| Topical term or geographic name entry element | Termodinamica. |
| 650 14 - SUBJECT ADDED ENTRY--TOPICAL TERM | |
| Topical term or geographic name entry element | Fisica. |
| 700 1# - ADDED ENTRY--PERSONAL NAME | |
| Personal name | Resnick, Robert, |
| 700 1# - ADDED ENTRY--PERSONAL NAME | |
| Personal name | Romo, Jorge Humberto, |
| Relator term | Traductor. |
| 908 ## - PUT COMMAND PARAMETER (RLIN) | |
| Put command parameter | 160627 |
| 942 ## - ADDED ENTRY ELEMENTS (KOHA) | |
| Koha item type | Libros |
| Classification part | 530 |
| Item part | R28 |
| Source of classification or shelving scheme | Dewey Decimal Classification |
| Withdrawn status | Lost status | Source of classification or shelving scheme | Damaged status | Not for loan | Collection | Home library | Current library | Shelving location | Date acquired | Inventory number | Total checkouts | Full call number | Barcode | Date last seen | Copy number | Price effective from | Koha item type | Public note |
|---|---|---|---|---|---|---|---|---|---|---|---|---|---|---|---|---|---|---|
| Dewey Decimal Classification | General | Miguel Henríquez Castañeda | Miguel Henríquez Castañeda | General | 03/29/2025 | 011321 | 530 R28 | 011321 | 03/29/2025 | v.1 ej.1 | 03/29/2025 | Libros | 530-FISICA | |||||
| Dewey Decimal Classification | General | Miguel Henríquez Castañeda | Miguel Henríquez Castañeda | General | 03/29/2025 | 007447 | 530 R28 | 007447 | 03/29/2025 | v.1 ej.2 | 03/29/2025 | Libros | 530-FISICA | |||||
| Dewey Decimal Classification | General | Miguel Henríquez Castañeda | Miguel Henríquez Castañeda | General | 03/29/2025 | 011323 | 530 R28 | 011323 | 03/29/2025 | v.1 ej.3 | 03/29/2025 | Libros | 530-FISICA | |||||
| Dewey Decimal Classification | General | Miguel Henríquez Castañeda | Miguel Henríquez Castañeda | General | 03/29/2025 | 007448 | 530 R28 | 007448 | 03/29/2025 | v.2 ej.1 | 03/29/2025 | Libros | 530-FISICA | |||||
| Dewey Decimal Classification | General | Miguel Henríquez Castañeda | Miguel Henríquez Castañeda | General | 03/29/2025 | 011322 | 530 R28 | 011322 | 03/29/2025 | v.2 ej.2 | 03/29/2025 | Libros | 530-FISICA | |||||
| Dewey Decimal Classification | General | Miguel Henríquez Castañeda | Miguel Henríquez Castañeda | General | 03/29/2025 | 011320 | 530 R28 | 011320 | 03/29/2025 | v.2 ej.3 | 03/29/2025 | Libros | 530-FISICA |